000 00774nam a22002297a 4500
003 UA-OsUOA
001 48289
007 ta
008 20130115b un ||||| |||| 00| 0 ukr d
090 _a94(477).07
_bН38
942 _cBK
040 _aUA-OsUOA
_bukr
_cUA-OsUOA
_dUA-OsUOA
245 _aНе підлягає забуттю. Голодомор - геноцид українського народу 1932-1933 рр.
300 _a297 с.
955 _a1
041 _aukr
080 _a94(477).07
260 _aДніпропетровськ
_bПороги
_c2007
650 7 _a9 Географія. Біографії. Історія
_2UDC
999 _c428385
_d428385